01897cam a2200265 a 4500003000900000005001700009008004100026040002800067041000800095100003600103245029600139246025900435260005500694300003000749502008800779520055000867530002201417653000801439653001901447653000901466700004301475700004001518700004001558856003301598EG-GiCUC20250223031346.0151202s2015 ua d f m 000 0 eng d aEG-GiCUCbengcEG-GiCUC0 aeng0 aMohamed Abdelghany Aly Elshazly10aAwareness of American heart association guidelines of preoperative assessment of cardiac patients undergoing non-cardiac surgery among anesthesiologists at Cairo University / cMohamed Abdelghany Aly Elshazly ; Supervised Maged Salah Abdullah , Hisham Hosny Abdulwahab , Mohamed Khalid Hamza15aدرجة الوعى بالمبادئ التوجيهية لجمعية القلب الامريكية لتقييم مرضي القلب قبل اجراء عملية جراحية غير قلبية بين اطباء التخدير بجامعة القاهرة aCairo : bMohamed Abdelghany Aly Elshazly , c2015 a53 P. : bcharts ; c25cm aThesis (M.Sc.) - Cairo University - Faculty of Medicine - Department of Anaesthesia aIn this study essential for clinicians to be familiar with current cardiac risk evaluation. ACC/AHA Guidelines for Perioperative Cardiovascular Evaluation for Non-cardiac Surgery offers the clinician a well-organized, thoughtful, evidenced-based approach to these patients.Therefore, we conducted this survey study with random sample of 125 anesthesiologists at Cairo University hospitals to assess the magnitude of knowledge the American heart association guidelines of preoperative assessment of cardiac patients undergoing non-cardiac surgery aIssued also as CD 4aCAD 4aClinical audit 4aNYHA0 aHisham Hosny Abdulwahab , eSupervisor0 aMaged Salah Abdullah , eSupervisor0 aMohamed Khalid Hamza , eSupervisor uhttp://172.23.153.220/th.pdf